Ideologischer Klassenkampf und burgerliche Gegenwartsphilosophie Studien

Na minha lista:
Detalhes bibliográficos
Formato: Livro
Idioma:alemão
Publicado em: Berlin Dietz 1978
Tags: Adicionar Tag
Sem tags, seja o primeiro a adicionar uma tag!

MARC

LEADER 00000nam a2200000 4500
001 c119513
005 20250901093509.8
041 0 |a ger 
044 |a DE 
245 1 0 |a Ideologischer Klassenkampf und burgerliche Gegenwartsphilosophie Studien  |c Hans-Christoph Rauh, Horst Süssenbach 
264 1 |a Berlin  |b Dietz  |c 1978 
300 |a 252 s.